| 000 | 00419nam a22001697a 4500 | ||
|---|---|---|---|
| 003 | CEME | ||
| 005 | 20210628203554.0 | ||
| 008 | 210201b xxu||||| |||| 00| 0 eng d | ||
| 040 | _c. | ||
| 082 | _a891.4393 HAM | ||
| 100 |
_aHameed, A _959074 |
||
| 245 | _aKali mata kay nag | ||
| 260 |
_aLAHORE _bMAQBOOL ACADEMY _c1999 |
||
| 300 | _a304 | ||
| 650 |
_aURDU ADAB-FICTION-KALI MATA KAY NAG _966319 |
||
| 942 |
_cBK _2ddc |
||
| 999 |
_c574301 _d574301 |
||